00250nam a2200109Ia 4500100001700000366000700017654001500024245006500039260001600104300000800120546001200128 aPARR/ANDREW  f25 ahydraulics aHydraulics and pneumatics:A technicians and engineeris guide bJaicoc2005 a223 aENGLISH